000
00219 a2200097 4500
001
14827
100
_a
Sprigge, C.
245
_a
The development of modern Italy
260
_a
London
_b
Duckworth
_c
090
_c
11598
_d
11598
942
_a
NUST-CAE
_c
M
_c
1778
999
_c
249900
_d
249900